000 00462cam a2200193 4500
001 D2912
008 090401t1978 xxu||||| |||| 00| 0 eng d
035 _a(Sirsi) u71072
041 _aeng
050 _a690.89
100 _aCovington, S.A.
245 _aBasements in housing: a feasibility study
260 _aGarston, Watford
_bBRE
_c1978
300 _a9p. 30cm
350 _a0
490 _aBRE Current Paper
_v4/78
942 _n0
948 _c04/03/1997
999 _c95377
_d95377